Statistiken für Die meisten besuchten Länder von Deutschland

Klicken Sie hier um das Quiz zu spielen!

Allgemein

  • Dieses Quiz wurde 616 mal gespielt
  • Das Durchschnittsergebnis liegt bei 7 aus 8

Antwortstatistiken

#Reiseziel% Korrekt
1Spanien
98%
2Italien
97%
7Frankreich
95%
4Österreich
92%
8Polen
84%
3Türkei
79%
6Griechenland
75%
5Kroatien
62%

Verteilung der Resultate

Perzentil nach korrekt beantworteten Fragen

Anzahl Personen mit jedem Resultat

Ihre Resultats-Entwicklung

Sie haben dieses Quiz noch nicht gespielt